Estatut de Catalunya : text català oficial aprovat pel Consell de la Generalitat en sessió de 5 d'octubre de 1932 text català oficial aprovat pel Consell de la Generalitat en sessió de 5 d'octubre de 1932
MARC
| LEADER | 00000nam a2200000Ia 4500 | ||
|---|---|---|---|
| 001 | 9252 | ||
| 008 | 160829s1932 xx 000 0 cat d | ||
| 080 | |a RF-1-68 | ||
| 100 | |a Catalunya. Estatut (1932) | ||
| 245 | |a Estatut de Catalunya : |b text català oficial aprovat pel Consell de la Generalitat en sessió de 5 d'octubre de 1932 | ||
| 250 | |a Ed. en català | ||
| 260 | |a Barcelona : |b [Generalitat de Catalunya], |c 1932 | ||
| 300 | |a 26 p. ; |c 16 cm | ||
| 590 | |a Hi ha un duplicat a: DUP-65-8. | ||
| 590 | |a Existeix una edició en castellà | ||
| 610 | 1 | 0 | |a Catalunya. |t Estatut (1932) |9 54030 |
| 710 | 1 | |a Catalunya. |b Generalitat |9 12125 | |
| 856 | 4 | |u https://media.diba.cat/diba/fitxers/arxiu/fulletons/bib_9252_1932_baixa.pdf |y Accés lliure | |
| 856 | 4 | |u https://media.diba.cat/diba/fitxers/arxiu/fulletons/bib_9252_1932_baixa.pdf |y Accés lliure | |
| 901 | |a Arxiu | ||
| 942 | |n 1 |2 udc | ||
| 952 | |0 0 |1 0 |4 0 |6 RF168 |7 1 |9 48098 |a Arxiu |b Arxiu |d 2016-12-01 |l 0 |o RF-1-68 |p 9252 |r 2016-12-01 00:00:00 |w 2016-12-01 |y ARXIU | ||
| 999 | |c 51901 |d 51901 | ||
| 900 | |a bib_9252_1932_baixa.pdf | ||